• 首页
  • 本馆介绍
  • 公告通知
  • 最新文献
  • 馆藏检索
  • 电子资源
  • 读者导购
  • 参考咨询
  • 我的图书馆
  • 登录
  • 详细信息显示
  • 放入我的书架
  • 预约/预借图书
  • 作者相关作品
  • 分类相关作品
  • 丛书相关作品
  • 出版社相关作品

书目信息

  • 表格格式
  • 工作单格式
  • 卡片格式
题名:
西方绘画大师经典作品
    
 
作者: 杨参军 主编 ;卢家华 编著
分册:   维亚尔静物风景
出版信息: 济南   山东美术出版社  2010
页数: 112页
开本: 31cm
丛书名:
单 册:
中图分类: J231 , J231(565)
科图分类:
主题词: 绘画--世界--画册 , 静物画--法国--现代--画册 , 风景画--法国--现代--画册 , 绘画 , 静物画 , 风景画
电子资源:
ISBN: 978-7-5330-3014-8
000 01092nam0 2200325 45
001 1138553750
005 20110419103634.28
010    @a978-7-5330-3014-8@dCNY48.00
100    @a20110408e2010 em y0chiy50 ea
101 0  @achi
102    @aCN@b370000
105    @aa z 000yy
106    @ar
200 1  @a西方绘画大师经典作品@AXi Fang Hui Hua Da Shi Jing Dian Zuo Pin@i维亚尔静物风景@IWei Ya Er Jing Wu Feng Jing@f杨参军主编@FYang Can Jun Zhu Bian@g卢家华编著
210    @a济南@c山东美术出版社@d2010
215    @a112页@c照片@d31cm
330    @a本书收录法国画家爱德华·维亚尔(1868~1940)的亚麻布油画、亚麻布胶画、纸板油画、纸上色粉画等绘画作品。
517 1  @a维亚尔静物风景@AWei Ya Er Jing Wu Feng Jing
606 0  @a绘画@y世界@j画册
606 0  @a静物画@y法国@z现代@j画册
606 0  @a风景画@y法国@z现代@j画册
606 0  @a绘画
606 0  @a静物画
606 0  @a风景画
690    @aJ231@v4
690    @aJ231(565)@v4
701  0 @a杨参军@AYang Can Jun@4主编
702  0 @a卢家华@ALu Jia Hua@4编著
801  0 @aCN@bTANGWEI@c20110419
905    @b0536821-26@dJ231@e82@f6
    
    西方绘画大师经典作品.维亚尔静物风景/杨参军主编/卢家华编著.-济南:山东美术出版社,2010
    112页:照片;31cm
    
    
    ISBN 978-7-5330-3014-8:CNY48.00
    本书收录法国画家爱德华·维亚尔(1868~1940)的亚麻布油画、亚麻布胶画、纸板油画、纸上色粉画等绘画作品。
●
相关链接 在E读中查询图书 在五车中查询图书 在当当中查询图书 在豆瓣中查询图书


正题名:西方绘画大师经典作品     索取号:J231/82         预约/预借

序号 登录号 条形码 馆藏地/架位号 状态 备注
1 0536821   205368216   第一样本阅览室/ [索取号:J231/82] 在馆    
2 0536822   205368225   第一借阅区/ [索取号:J231/82] 在馆    
3 0536823   205368234   第一借阅区/ [索取号:J231/82] 在馆    
4 0536824   205368243   第一借阅区/ [索取号:J231/82] 在馆    
5 0536825   205368252   第一借阅区/ [索取号:J231/82] 在馆    
6 0536826   205368261   密集书库-美术系/ [索取号:J231/82] 在馆    
唐山师范学院图书馆 欢迎您!
大连网信软件有限公司© 版权所有